<?xml version="1.0" encoding="UTF-8"?><?xml-stylesheet type="text/xsl" href="static/style.xsl"?><OAI-PMH xmlns="http://www.openarchives.org/OAI/2.0/" xmlns:xsi="http://www.w3.org/2001/XMLSchema-instance" xsi:schemaLocation="http://www.openarchives.org/OAI/2.0/ http://www.openarchives.org/OAI/2.0/OAI-PMH.xsd"><responseDate>2026-04-17T03:00:24Z</responseDate><request verb="GetRecord" identifier="oai:www.recercat.cat:10459.1/60290" metadataPrefix="marc">https://recercat.cat/oai/request</request><GetRecord><record><header><identifier>oai:recercat.cat:10459.1/60290</identifier><datestamp>2024-12-05T21:56:46Z</datestamp><setSpec>com_2072_3622</setSpec><setSpec>col_2072_479130</setSpec></header><metadata><record xmlns="http://www.loc.gov/MARC21/slim" xmlns:dcterms="http://purl.org/dc/terms/" xmlns:xsi="http://www.w3.org/2001/XMLSchema-instance" xmlns:doc="http://www.lyncode.com/xoai" xsi:schemaLocation="http://www.loc.gov/MARC21/slim http://www.loc.gov/standards/marcxml/schema/MARC21slim.xsd">
   <leader>00925njm 22002777a 4500</leader>
   <datafield ind2=" " ind1=" " tag="042">
      <subfield code="a">dc</subfield>
   </datafield>
   <datafield ind2=" " ind1=" " tag="720">
      <subfield code="a">Bellí Martí, Neus</subfield>
      <subfield code="e">author</subfield>
   </datafield>
   <datafield ind2=" " ind1=" " tag="720">
      <subfield code="a">Marín Sillué, Sònia</subfield>
      <subfield code="e">author</subfield>
   </datafield>
   <datafield ind2=" " ind1=" " tag="720">
      <subfield code="a">Sanchís Almenar, Vicente</subfield>
      <subfield code="e">author</subfield>
   </datafield>
   <datafield ind2=" " ind1=" " tag="720">
      <subfield code="a">Ramos Girona, Antonio J.</subfield>
      <subfield code="e">author</subfield>
   </datafield>
   <datafield ind2=" " ind1=" " tag="260">
      <subfield code="c">2017-10-09T10:37:10Z</subfield>
   </datafield>
   <datafield ind2=" " ind1=" " tag="260">
      <subfield code="c">2017-10-09T10:37:10Z</subfield>
   </datafield>
   <datafield ind2=" " ind1=" " tag="260">
      <subfield code="c">2006</subfield>
   </datafield>
   <datafield ind2=" " ind1=" " tag="520">
      <subfield code="a">A study was undertaken to evaluate the impact of the application of several fungicide treatments used in Spanish vines on&#xd;
Aspergillus carbonarius&#xd;
growth and ochratoxin A production. Three trials were designed in order: (1) to screen 26 fungicides&#xd;
at the doses recommended by manufacturers on grape-like synthetic medium at 20 and 30&#xd;
 &#xd;
C; (2) to find out the minimum&#xd;
inhibitory concentration of each fungicide for&#xd;
A. carbonarius&#xd;
growth on synthetic medium; and (3) to investigate the effect&#xd;
of  several  fungicides  on&#xd;
A. carbonariu&#xd;
s-inoculated  grapes.  In  synthetic  medium  nine  fungicides  significantly  reduced&#xd;
A. carbonarius&#xd;
growth rate. Meanwhile, 13 fungicides completely inhibited its growth. In general, growth was faster at 30&#xd;
 &#xd;
C&#xd;
than at 20&#xd;
 &#xd;
C, contrary to ochratoxin A production. Fungicides that stopped fungal growth also inhibited ochratoxin A&#xd;
production, but not all the fungicides that reduced growth reduced the ochratoxin A synthesis. In general, fungicides that&#xd;
contained copper or strobilurins reduced both growth and ochratoxin A production, contrary to sulphur fungicides. At the&#xd;
optimum temperature for&#xd;
A. carbonarius&#xd;
growth of 30&#xd;
 &#xd;
C, higher amounts of fungicide were needed to prevent fungal growth&#xd;
than at 20&#xd;
 &#xd;
C. Among the fungicides that inhibited&#xd;
A. carbonarius&#xd;
growth on synthetic medium at the initial doses, cyprodinil&#xd;
seemed to be the active ingredient more effective at stopping fungal growth when testing reduced doses. The fungicide effect&#xd;
on grapes was similar to that on synthetic medium. Both infection and ochratoxin A production were reduced when using&#xd;
cyprodinil  (37.5%)  plus  fludioxonil  (25%)  and  azoxystrobin  (25%).  Penconazole  (10%)  also  showed  a  clear  reduction&#xd;
in ochratoxin A production at both temperatures, although infection was only reduced at 20&#xd;
 &#xd;
C. Ochratoxin A reduction was&#xd;
strain and  temperature-dependent.  In  general,  fenhexamid  (50%),  mancozeb  (80%)  and  copper  hydroxide  (80%)  plus&#xd;
copper (50%) enhanced infection and ochratoxin A production.</subfield>
   </datafield>
   <datafield ind2=" " ind1=" " tag="520">
      <subfield code="a">The work was funded by the Catalonian Government (Direcció General   de   Recerca,   Generalitat   de Catalunya),   the   Spanish   Government   (CICYT, Comisión Interministerial de Ciencia y Tecnologí, AGL2004-07549-C05-01,   and   Ramon   y   Cajal programme)    and    the    European    Commission, Quality  of  Life  Programme  (QoL),  Key  Action  1 (KA1)  on  Food,  Nutrition  and  Health  (QLRT- 2000-01761). The authors are grateful to Syngenta- Agro S.A. (Spain) and Le  ́ rida Unio  ́ n Quı  ́ mica S.A. (Luqsa, Spain) for providing the fungicides used</subfield>
   </datafield>
   <datafield ind1="8" ind2=" " tag="024">
      <subfield code="a">http://hdl.handle.net/10459.1/60290</subfield>
   </datafield>
   <datafield tag="653" ind2=" " ind1=" ">
      <subfield code="a">Fungicides</subfield>
   </datafield>
   <datafield tag="653" ind2=" " ind1=" ">
      <subfield code="a">Aspergillus carbonarius</subfield>
   </datafield>
   <datafield tag="653" ind2=" " ind1=" ">
      <subfield code="a">Ochratoxin A</subfield>
   </datafield>
   <datafield tag="653" ind2=" " ind1=" ">
      <subfield code="a">Grapes</subfield>
   </datafield>
   <datafield tag="653" ind2=" " ind1=" ">
      <subfield code="a">Fungicides</subfield>
   </datafield>
   <datafield tag="653" ind2=" " ind1=" ">
      <subfield code="a">Aliments--Contaminació</subfield>
   </datafield>
   <datafield tag="653" ind2=" " ind1=" ">
      <subfield code="a">Aliments--Microbiologia</subfield>
   </datafield>
   <datafield ind2="0" ind1="0" tag="245">
      <subfield code="a">Impact of fungicides on Aspergillus carbonarius growth and ochratoxin A production on synthetic grape-like medium and on grapes</subfield>
   </datafield>
</record></metadata></record></GetRecord></OAI-PMH>